| 000 | 01018cam a22002054a 4500 | ||
|---|---|---|---|
| 005 | 20250605164024.0 | ||
| 008 | 250528s ||||||||||||||||||||||||d | ||
| 035 | _a16438 | ||
| 020 | _a131509470 | ||
| 040 |
_aGR-AtMCL _bgre _dGR-AtMCL _eAACR2 |
||
| 245 | 1 | _aIndustrial Relations / Theory and Practice: Third Edition | |
| 250 | _a3rd | ||
| 260 |
_bPrentice Hall, _c1998 |
||
| 300 | _a590 | ||
| 520 | _aPerspectives, Approaches to Industrial Relations, The Contexts of Industrial Relations, Concepts and Values in Industrial Relations, Participants, Trade Union Development and Function, Trade Union Organisation and Structure, Trade Unions at the Workplace, Management, The Government, Processes, Collective Bargaining, Employee Involvement and Participation, Industrial Action, Conciliation and Arbitration, Practices, Negotiation, Pay and Working Arrangements, Grievance and Discipline and Redundancy Procedures, Index. | ||
| 700 | 1 |
_aSalamon Michael _92533 |
|
| 942 | _cBK | ||
| 999 |
_c1938 _d1938 |
||